Statistics for Top 10 Smallest Brazilian States in Area

Click here to take the quiz!

General Stats

  • This quiz has been taken 66 times
  • The average score is 9 of 10

Answer Stats

Area (km²)Comparable toState% Correct
21,915.1Djibouti (150th)Sergipe
96%
43,780.2Estonia (131st)Rio de Janeiro
95%
95,736.2Hungary (109th)Santa Catarina
93%
46,095.6Bhutan (130th)Espírito Santo
91%
52,811.0Bosnia and Herzegovina (126th)Rio Grande do Norte
91%
56,469.8Croatia (125th)Paraíba
89%
27,778.5Haiti (145th)Alagoas
88%
98,148.3South Korea (108th)Pernambuco
88%
5,780.0Brunei (165th)Distrito Federal
84%
142,828.5Tajikistan (95th)Amapá
82%

Score Distribution

Percentile by Number Answered

Percent of People with Each Score

Your Score History

You have not taken this quiz